Introduction to Computers (Record no. 159193)
[ view plain ]
| 000 -LEADER | |
|---|---|
| fixed length control field | 00366nam a2200145Ia 4500 |
| 008 - FIXED-LENGTH DATA ELEMENTS--GENERAL INFORMATION | |
| fixed length control field | 230519s9999 xx 000 0 und d |
| 020 ## - INTERNATIONAL STANDARD BOOK NUMBER | |
| International Standard Book Number | 978-81-909385-8-7 |
| 041 ## - LANGUAGE CODE | |
| Language code of text/sound track or separate title | eng |
| 082 ## - DEWEY DECIMAL CLASSIFICATION NUMBER | |
| Classification number | C/004/JAI/DB0382 |
| 100 ## - MAIN ENTRY--PERSONAL NAME | |
| Personal name | Jain Pooja |
| 245 ## - TITLE STATEMENT | |
| Title | Introduction to Computers |
| 260 ## - PUBLICATION, DISTRIBUTION, ETC. (IMPRINT) | |
| Name of publisher, distributor, etc. | S Vikas and Co |
| Place of publication, distribution, etc. | Jalandhar |
| Date of publication, distribution, etc. | 2013 |
| 300 ## - PHYSICAL DESCRIPTION | |
| Extent | 468p |
| Withdrawn status | Lost status | Damaged status | Not for loan | Collection code | Home library | Current library | Date acquired | Cost, normal purchase price | Bill number | Total Checkouts | Full call number | Barcode | Date last seen | Bill Date | Koha item type | Original Barcode | Date last checked out |
|---|---|---|---|---|---|---|---|---|---|---|---|---|---|---|---|---|---|
| Smt. Bakul Tambat Institute of Nursing Education | Smt. Bakul Tambat Institute of Nursing Education | 29/06/2015 | 425.00 | 79 | C 004 JAI DB0382 | BTIN-DB-382 | 19/05/2023 | 20/05/2015 | Donated Book | DB0382 | |||||||
| Smt. Bakul Tambat Institute of Nursing Education | Smt. Bakul Tambat Institute of Nursing Education | 04/10/2016 | 425.00 | 79 | C 004 JAI DB0506 | BTIN-DB-506 | 19/05/2023 | 20/05/2015 | Donated Book | DB0506 | |||||||
| Smt. Bakul Tambat Institute of Nursing Education | Smt. Bakul Tambat Institute of Nursing Education | 20/04/2018 | 455.00 | 79 | 1 | C 004 JAI DB0678 | BTIN-DB-678 | 13/10/2023 | 20/05/2015 | Donated Book | DB0678 | 12/10/2023 |